| 000 | 00561nam a2200181Ia 4500 | ||
|---|---|---|---|
| 008 | 100921s9999 xx 000 0 und d | ||
| 082 |
_b8338 _a820 थ 38 |
||
| 100 | _aBrunt David. | ||
| 245 | _aWeather Science For Everybody. | ||
| 260 |
_bहिलमन कर्ल,न्यूयॉर्क. _c1938 |
||
| 300 |
_a170 _b--- |
||
| 365 | _b0 | ||
| 520 | _aललित इंग्रजी. | ||
| 630 | _aWeather Science For Everybody. | ||
| 650 | _aललित इंग्रजी. | ||
| 730 | _aWeather Science For Everybody. | ||
| 942 | _cBOOK | ||
| 999 |
_c757451 _d757448 |
||